000 00385cam a2200157ua 4500
041 _aeng
_h
082 _a823.301
_bWAR/AE
100 _aWarrington , John .
245 _aAesop`s Fables /
_cJohn Warrington.
_hTextual Documents
250 _a1 /
_b.
260 _aLondon :
_bJ M Dent and Sons Ltd ,
_c1961.
300 _a164 ; .
504 _a
942 _cBK
999 _c4108
_d4108